Novell ZENWorks 7 Suite : Administrator's Handbook /
I tiakina i:
| Kaituhi matua: | |
|---|---|
| Ētahi atu kaituhi: | |
| Hōputu: | Pukapuka |
| Reo: | Ingarihi |
| I whakaputaina: |
Indianápolis, EUA :
Novell,
2006, c2006
|
| Rangatū: | (Administration Novell)
|
| Ngā marau: | |
| Ngā Tūtohu: |
Kāore He Tūtohu, Me noho koe te mea tuatahi ki te tūtohu i tēnei pūkete!
|
MARC
| LEADER | 00000nam^a2200000^a^4500 | ||
|---|---|---|---|
| 001 | 000187079 | ||
| 005 | 20250521000000.0 | ||
| 009 | 20260310102247.674 | ||
| 020 | |a 0-672-32846-1 | ||
| 037 | |a Acervo ITESO - Biblioteca | ||
| 041 | |a ING | ||
| 082 | |a 621. 38211 |b DAY | ||
| 100 | |a Dayley, Brad |e (autor) | ||
| 245 | 1 | 0 | |a Novell ZENWorks 7 Suite : |b Administrator's Handbook / |c R. Tanner, R. Whitehead. |
| 264 | 4 | |a Indianápolis, EUA : |b Novell, |c 2006, c2006 | |
| 300 | |a XXXI, 1072 p. + |e 1 DVD de computadora | ||
| 336 | |a texto |b txt |2 rdacontenido | ||
| 337 | |a sin mediación |b n |2 rdamedio | ||
| 338 | |a volumen |b nc |2 rdasoporte | ||
| 440 | 1 | |a (Administration Novell) | |
| 649 | |a XX | ||
| 650 | |a Uso de Computadoras (Políticas) | ||
| 650 | |a Internet - |x Seguridad | ||
| 650 | |a Redes de Computadoras - |x Seguridad | ||
| 650 | |a Redes de Computadoras - |x Administración | ||
| 650 | |a Comunicación en Red | ||
| 650 | |a Telecomunicaciones | ||
| 650 | |a Sistemas Computacionales - |x Administración | ||
| 650 | |a Ingeniería Computacional | ||
| 700 | |a Tanner, Ron |e (autor) | ||
| 910 | |a Fondo General | ||
| 920 | |a Impresos - Libros | ||
| 930 | |a Colección General | ||
| 905 | |a 101 | ||
| 901 | |a 0500129251 |b IT1 |c ACC |u 20250521 | ||
| 901 | |a 0500138246 |b IT1 |c ACC |u 20250521 | ||
| 902 | |a https://opac.biblio.iteso.mx/vufind/Record/000187079 | ||